000 00618nam a2200193 i 4500
001 100742
003 ES-MaACL
005 20250910213143.0
007 t|
008 051005s1966 sp ||||1| cat d
100 1 _aMateo, José Vicente.
_978947
245 1 0 _aAlacant a part /
_cJosé Vicente Mateo; proleg Joan Fuster; traduit per Enriqueta Calsina Cires.
260 _aBarcelona :
_bAportació Catalana,
_c1966.
300 _a68 p. ;
_c22 cm.
700 1 _aFuster, Joan,
_d1922-1992
_9163689
700 1 _aCalsina Cires, Enriqueta.
_933791
852 _aES-MaACL
_jC-29206
_bR.59622
999 _c100742
_d100742